| 000 | 01050nam a2200289 a 4500 | ||
|---|---|---|---|
| 001 | vtls001988443 | ||
| 003 | NLI | ||
| 005 | 20210630141053.0 | ||
| 008 | 180328s2011 g s000 0 eng d | ||
| 039 | 9 |
_y201803281258 _zdipanjanm |
|
| 082 | 0 | 4 |
_a347.1(54) _222 |
| 110 | 1 |
_aIndia. _bMinistry of Law and Justice. |
|
| 245 | 1 |
_aThe Majority Act : _bAct No. 9 of 1875,as on 1st August,2011 / _cMinistry of Law and Justice,Government of India. |
|
| 260 |
_aDelhi: _bController of Publications , _c2011 |
||
| 300 |
_a[Double pagination] 2p.; _c30cm. |
||
| 500 | _aPrinted in both languages: Hindi & English | ||
| 650 | 0 |
_aAge(Law) _zIndia _91332125 |
|
| 650 | 0 |
_aGuardian and ward _zIndia _9744564 |
|
| 780 | 0 | 2 |
_tThe Indian Majority Act, _g1875 |
| 887 | _aDipanjan | ||
| 902 | _aGP 347.1(54) In2m(2011) | ||
| 904 | _aDipanjan | ||
| 949 |
_AVIRTUAITEM _D10003 _X202 _6IOD000154143ENG _92011 _eIOD154143 |
||
| 942 |
_2ddc _cBKS |
||
| 999 |
_aVIRTUA40 _c1410177 _d1410177 |
||
| 999 | _aVTLSSORT0080*0820*1100*2450*2600*3000*5000*6500*6501*7800*8520*9020*9040*9992 | ||